| 000 | 01664cam a22004454i 4500 | ||
|---|---|---|---|
| 003 | PE-LiUPU | ||
| 005 | 20250731173239.0 | ||
| 008 | 150616s r 000 0 d | ||
| 035 | _a(Sirsi) a3525 | ||
| 040 |
_aPE-LiUPU _bspa _cPE-LiUPU _erda |
||
| 049 | _aPRUA | ||
| 082 | 0 | 4 |
_a251 _bJ22W _221 |
| 100 | 1 |
_aJapas, Salim, _eautor. |
|
| 245 | 1 | 0 |
_aFuego de Dios en la evangelización / _cSalim Japas. |
| 264 | 1 |
_aMayaguez, Puerto Rico : _bDepartamento de Teología, _c1973. |
|
| 300 |
_a124 hojas : _bilustraciones, cuadros ; _c17 centìmetros. |
||
| 336 |
_atext _2rdacontent |
||
| 337 |
_aunmediated _2rdamedia |
||
| 338 |
_avolume _2rdacarrier |
||
| 500 | _aEdición mimeografiada. | ||
| 505 | 0 | _aEl llamamiento divino -- La visión ministerial -- El ministro como evangelista -- Código de ética del evangelista -- Técnicas en la evangelización -- Historia de la evangelización -- Técnica usada por el autor -- Organizando la Iglesia -- Los temas y cómo ordenarlos -- La investigación bíblica -- La propaganda en la evangelización -- Cómo trabajar en favor de los católicos -- El evangelismo personal -- Decidiendo a la gente -- Los ritos de la iglesia. | |
| 526 | _aSEG42 | ||
| 526 | _aSEG41 | ||
| 526 | _aSEG40 | ||
| 526 | _aSEG39 | ||
| 526 | _aP94 | ||
| 526 | _aP87 | ||
| 526 | _aP86 | ||
| 526 | _aP85 | ||
| 526 | _aP77 | ||
| 526 | _aP76 | ||
| 526 | _aP35 | ||
| 650 | 1 | 4 |
_aEvangelismo _xIASD. |
| 650 | 2 | 4 | _aSermones. |
| 910 | _ajck | ||
| 942 |
_2ddc _cBK |
||
| 999 |
_c43193 _d43193 |
||
| 980 |
_81 _gALBERTO SANCHEZ Responsable de Automatización |
||